[Event "BL 2018-19"]
[Site "Berlin"]
[Date "2019.03.23"]
[Round "12.2"]
[White "L'Ami, Erwin"]
[Black "Hertneck, Gerald"]
[Result "1-0"]
[WhiteElo "2644"]
[BlackElo "2492"]
[Annotator "TA"]
[PlyCount "81"]
[EventDate "2018.11.10"]
[EventType "team-tourn"]
[EventCountry "GER"]
[SourceTitle "playchess.com"]
[Source "ChessBase"]
[SourceQuality "1"]
[WhiteTeam "Solingen"]
[BlackTeam "Zugzwang Muenchen"]

{[%evp 24,81,81,64,101,105,105,105,106,101,110,91,110,113,109,122,173,177,164,184,177,177,177,166,163,91,109,97,96,102,180,155,247,247,227,189,195,162,643,667,674,674,666,673,666,652,655,639,627,617,563,552,983,950,5093,1043,1528,965,889,845]} 1. d4 Nf6 2. c4 c5 3. d5 b5 4. cxb5 a6 5. bxa6 Bxa6 6. Nc3 d6 7. e4 Bxf1 8. Kxf1 g6 9. Nf3 Bg7 10. g3 O-O 11. Kg2 Nbd7 12. a4 Qb6 13. Qc2 Rfb8 {A59: Benko/Volga Gambit: White castles by hand} 14. Nb5 Ne8 15. Bd2 Nc7 {White is better.} 16. Nxc7 Qxc7 17. Rab1 Qa7 18. a5 Rb5 {[#]} 19. b4 $146 ({Predecessor:} 19. b3 Rab8 20. Qc4 R8b7 21. Rhc1 {1-0 (33) Vovk,A (2637)-Merenciano,A (2197) Escaldes 2016}) 19... Rab8 (19... Qb7 $16) 20. bxc5 $18 Nxc5 21. Rxb5 Rxb5 22. Rb1 Qb7 23. Rxb5 Qxb5 24. Be1 (24. Qc1 $18) 24... h6 25. h4 Bf6 26. Bd2 Kh7 (26... h5 $16) 27. h5 Kg7 (27... Qe2 $16 {keeps fighting.} 28. Ng1 Qa6) 28. hxg6 fxg6 29. Be3 {aiming for e5!} Qxa5 {[#]} 30. e5 $1 {[%mdl 512]} Bg5 $2 (30... Nd7) (30... dxe5 31. Bxc5) 31. Bxg5 {White is clearly winning.} hxg5 32. exd6 exd6 33. Qb2+ Kf7 {and the idea ...Qd8 leaves Black hopeful.} 34. Nxg5+ Ke8 35. Qh8+ Kd7 36. Qg7+ Kc8 37. Qxg6 Qd2 38. Qxd6 Nd3 39. Qe6+ Kb7 40. Qe3 Qd1 41. Nf3 {Accuracy: White = 73%, Black = 38%.} 1-0

[Event "BL 2018-19"]
[Site "Berlin"]
[Date "2019.03.23"]
[Round "12.2"]
[White "Beerdsen, Thomas"]
[Black "Ginsburg, Gennadi"]
[Result "0-1"]
[WhiteElo "2474"]
[BlackElo "2418"]
[Annotator "TA"]
[PlyCount "82"]
[EventDate "2018.11.10"]
[EventType "team-tourn"]
[EventCountry "GER"]
[SourceTitle "playchess.com"]
[Source "ChessBase"]
[SourceQuality "1"]
[WhiteTeam "Muelheim"]
[BlackTeam "SV Hofheim"]

{[%evp 18,82,0,0,35,25,56,43,50,43,62,56,57,33,68,27,93,27,45,-42,-48,-52,-52,-102,-118,-189,-204,-199,-197,-189,-123,-134,-131,-129,-142,-227,-225,-213,-214,-226,-152,-152,-120,-122,-128,-229,-229,-435,-434,-491,-484,-484,-483,-471,-438,-581,-535,-510,-490,-489,-469,-539,-563,-554,-539,-518,-498]} 1. e4 {[%cal Be2e4,Be4e5][%mdl 32]} c5 2. Nf3 Nc6 3. c3 Nf6 4. e5 Nd5 5. d4 cxd4 6. cxd4 d6 7. exd6 e6 8. Nc3 Bxd6 9. Bd3 O-O {B22: Sicilian: 2 c3} 10. O-O {LiveBook: 13 Games} Ncb4 (10... Nce7 11. Bg5 Nxc3 12. bxc3 h6 13. Bh4 Qc7 14. c4 b6 {½-½ (32) Nakamura,H (2816)-Yu,Y (2721) Las Vegas 2015}) 11. Bb1 Nxc3 {White has an edge.} 12. bxc3 Nd5 13. c4 $146 ({Predecessor:} 13. Qd3 g6 14. Bh6 Re8 15. c4 Bf4 16. Bxf4 Nxf4 {½-½ (32) Dierssen Garcia Barredo,G (1921)-Cao Armillas,J (2186) Collado Villalba 2013}) 13... Nf6 14. Bg5 b6 15. Ne5 {And now Qd3 would win.} Bb7 16. Re1 (16. Qd3 $5 {[%cal Rg5f6]} g6 17. Qe3 $16) 16... Rc8 (16... h6 $11 17. Bf4 (17. Bxf6 Qxf6 18. Be4 Bxe4 $11) 17... Qe7) 17. Bd3 (17. Qd3 $16 g6 18. Bc2) 17... Be7 18. Qa4 ({Reject} 18. Bxf6 Bxf6 19. Qg4 g6 $11) (18. Bc2 $14) 18... Qxd4 $15 {...Ng4 is the strong threat.} 19. Rad1 $1 Qc5 {White must now prevent ...Ng4!} 20. Re3 Rfd8 $40 {[%mdl 128] Black wants a kill.} 21. Qxa7 (21. Bxf6 $17 Bxf6 22. Nd7) 21... Qc7 $19 {aiming for ...Ra8.} 22. Qa4 Bc5 23. Ree1 {[#]} h6 ({Black should play} 23... Bd4 $1 $19 {[%cal Rd4e5]} 24. Qb5 Ra8 25. Bxf6 gxf6) 24. Bh4 $17 Rd4 25. Bg3 Nh5 26. Bb1 (26. Qc2 $17 Nxg3 27. hxg3) 26... Nxg3 $19 27. hxg3 Rcd8 28. Nd3 Ra8 29. Qb5 Bc6 30. Qb2 Rad8 31. Qc2 {[#]} (31. Bc2 $17) 31... Qd6 $1 32. Qe2 $2 (32. Nb2 {is a better defense.}) 32... Ba4 {Black is clearly winning.} 33. Kf1 Bxd1 34. Rxd1 e5 {[%cal Be6e5,Be5e4][%mdl 32]} 35. Bc2 e4 36. Nb2 f5 37. Bb3 Rd2 38. Rxd2 Qxd2 39. Qxd2 Rxd2 40. Nd1 Kf8 41. Ke1 {[#]} e3 $1 {Precision: White = 46%, Black = 74%.} 0-1

[Event "BL 2018-19"]
[Site "Berlin"]
[Date "2019.03.23"]
[Round "12.3"]
[White "Kempinski, Robert"]
[Black "Rapport, Richard"]
[Result "1/2-1/2"]
[WhiteElo "2574"]
[BlackElo "2726"]
[Annotator "TA"]
[PlyCount "76"]
[EventDate "2018.11.10"]
[EventType "team-tourn"]
[EventCountry "GER"]
[SourceTitle "playchess.com"]
[Source "ChessBase"]
[SourceQuality "1"]
[WhiteTeam "Hamburg SK"]
[BlackTeam "Baden-Baden"]

{[%evp 12,76,47,47,56,61,66,39,38,10,8,0,0,0,4,-26,0,-17,1,-27,-17,-25,0,-6,5,-7,17,11,86,0,0,-93,-78,-87,-91,-91,-80,-79,-14,-42,-47,-26,0,0,0,0,0,0,0,0,0,-45,-37,-37,-31,-51,-61,-68,0,0,0,-14,0,0,14,10,16]} 1. d4 Nf6 2. c4 e6 3. Nf3 b6 4. a3 Bb7 5. Nc3 g6 6. Qc2 Bxf3 7. exf3 Nc6 {E12: Queen's Indian: Unusual White 4th moves, 4 a3, 4 Nc3 Bb7 5 a3 and 4 Nc3 Bb7} (7... Bg7 8. d5 O-O 9. Be2 exd5 10. cxd5 c6 11. O-O Nxd5 12. Nxd5 cxd5 13. Rd1 d4 14. Rb1 Nc6 15. b4 {0-1 (28) Sanikidze,T (2507)-Shaposhnikov,E (2576) St Petersburg 2018}) 8. Be3 Bg7 9. Rd1 O-O {White is slightly better.} 10. Bd3 Ne7 11. O-O c6 $146 ({Predecessor:} 11... d5 12. Rfe1 c6 13. b3 Rc8 14. cxd5 Nfxd5 15. Ne4 {½-½ (48) Torman,E (2335)-Basin,L (2420) Dearborn 1994}) 12. Ne2 d5 13. Rc1 Qd7 14. Rfd1 a5 15. Bf4 Rfc8 16. Be5 Qd8 17. Nc3 Qf8 18. Qe2 Nh5 19. cxd5 {aiming for d6.} cxd5 (19... Bxe5 $11 {keeps the balance.} 20. Qxe5 Nxd5) 20. Bd6 ({Better is} 20. g3 $16) 20... Qd8 $11 21. Nb5 {[#]} (21. Bxe7 $11 {remains equal.} Qxe7 22. Qe3) 21... Nc6 $1 $17 22. Bc7 Nxd4 (22... Rxc7 $6 23. Nxc7 Qxc7 24. Qc2 $11) 23. Qe3 Qd7 24. a4 Nc6 (24... Nb3 $17 25. Bxg6 Nxc1 26. Bxh5 Rxc7 27. Nxc7 d4) 25. Qxb6 Nb4 26. b3 Ra6 27. Qe3 Bb2 28. Rb1 Bf6 29. Bf1 Ng7 30. Qd2 Bd8 31. Bxd8 (31. Be5 {looks sharper.} Rac6 32. Bc3 Be7 33. Rbc1 Nf5 34. Be2) 31... Qxd8 32. Nd4 Ra7 33. Rbc1 Rac7 34. f4 Qf6 (34... Ne8 $15) 35. Rxc7 $11 {The position is equal.} Rxc7 36. Rc1 Rxc1 37. Qxc1 {[#] And now Qc8+ would win.} Nh5 38. Nc6 Nxc6 $1 {Accuracy: White = 39%, Black = 43%.} ({But not} 38... Nxf4 $6 39. Nxb4 axb4 40. a5 $16) ({Wrong is} 38... Qxf4 $2 39. Qxf4 Nxf4 40. Nxb4 $18) 1/2-1/2

[Event "BL 2018-19"]
[Site "Berlin"]
[Date "2019.03.23"]
[Round "12.3"]
[White "Pakleza, Zbigniew"]
[Black "Krasenkow, Michal"]
[Result "0-1"]
[WhiteElo "2508"]
[BlackElo "2630"]
[Annotator "TA"]
[PlyCount "74"]
[EventDate "2018.11.10"]
[EventType "team-tourn"]
[EventCountry "GER"]
[SourceTitle "playchess.com"]
[Source "ChessBase"]
[SourceQuality "1"]
[WhiteTeam "Kiel"]
[BlackTeam "SF Deizisau"]

{[%evp 12,74,30,27,41,41,36,18,34,27,29,25,55,51,56,42,69,44,37,0,0,-12,-27,-39,-14,-51,-43,-60,-4,-53,-41,-42,-8,-91,-69,-145,-138,-139,-145,-156,-157,-152,-96,-97,-61,-112,-114,-112,-104,-104,-104,-228,-228,-297,-297,-408,-228,-404,-320,-341,-187,-552,-529,-29994,-29995]} 1. d4 d5 2. c4 e6 3. Nc3 {[%cal Bb1c3,Bc3e2,Be2f4][%mdl 32]} c6 4. e3 Bd6 5. Nf3 f5 6. Bd3 Nf6 7. O-O Ne4 {A85: Dutch Defence: 2 c4 Nf6 3 Nc3} 8. Ne2 Nd7 9. b3 O-O {The position is equal.} 10. Bb2 Qe7 11. Ne5 (11. Rc1 {is interesting.} b6 12. Nf4 Bb7 13. Ne5 Rac8 14. f3) 11... Nxe5 12. dxe5 Bc7 13. Nf4 $146 ({Predecessor:} 13. Qc2 Bd7 14. Rac1 Rfc8 15. f3 Bb6 16. Nd4 Nc5 17. Be2 a5 18. Rfd1 Na6 19. Qd2 {½-½ (19) Tkachiev,V (2657)-Grischuk,A (2606) New Delhi/Teheran 2000}) 13... Ng5 14. Nh5 Bd7 15. f4 Ne4 16. Bxe4 dxe4 17. Qe2 Rfd8 18. Rad1 Be8 19. Ng3 g5 (19... a6 $15) 20. Qf2 gxf4 21. Qxf4 Qg7 22. h4 (22. Qh4 $11 {remains equal.}) 22... c5 23. Ba1 {[#]} (23. Rd5 $15) 23... Rxd1 $1 $17 24. Rxd1 Rd8 25. Rxd8 Bxd8 26. Kh2 Qd7 (26... Bg6 $142 27. Kh3 Qd7) 27. Qh6 Bf7 28. Nh5 (28. Bc3 $15) 28... Bxh5 $1 29. Qxh5 Qf7 $36 {[%mdl 2048] Black is on the roll.} 30. Qh6 Qg6 31. Qf4 (31. Qxg6+ $17 hxg6 32. Kg3) 31... Ba5 $19 32. Bb2 Be1 33. Kh3 h5 (33... Qh5 $142 34. b4 cxb4) 34. g3 $2 {[#]} (34. Kh2 {was worth a try.}) 34... Qg4+ 35. Kg2 Kf7 ({Weaker is} 35... Qe2+ 36. Kh3 $17) (35... b6 $142 36. Qxg4+ hxg4) 36. Ba3 $2 (36. Qxg4 hxg4 37. a3) 36... Qe2+ 37. Kh3 {If White can now play Qg5 this consolidates a bit.} Bf2 {Accuracy: White = 29%, Black = 44%.} 0-1

[Event "BL 2018-19"]
[Site "Berlin"]
[Date "2019.03.23"]
[Round "12.3"]
[White "Womacka, Mathias"]
[Black "Vrolijk, Liam"]
[Result "1/2-1/2"]
[WhiteElo "2449"]
[BlackElo "2445"]
[Annotator "TA"]
[PlyCount "84"]
[EventDate "2018.11.10"]
[EventType "team-tourn"]
[EventCountry "GER"]
[SourceTitle "playchess.com"]
[Source "ChessBase"]
[SourceQuality "1"]
[WhiteTeam "SV Hofheim"]
[BlackTeam "Muelheim"]

{[%evp 18,84,15,15,24,26,33,32,15,0,0,0,0,-2,-3,-15,0,0,17,0,0,21,10,8,16,13,12,12,6,0,0,0,0,0,0,0,0,0,29,36,21,0,0,0,0,-146,-146,-137,-102,-201,-52,-170,-180,-173,-45,-90,0,0,0,0,0,0,0,0,0,0,0,0,0]} 1. e4 e5 2. Nf3 Nc6 3. Bb5 Nf6 4. O-O Nxe4 5. Re1 Nd6 6. Nxe5 Be7 7. Bf1 Nxe5 8. Rxe5 O-O 9. d4 Bf6 10. Re1 Re8 {C67: Ruy Lopez: Berlin Defence: 4 0-0 Nxe4} 11. Bf4 Rxe1 12. Qxe1 Ne8 {White is slightly better.} 13. Nc3 {[%cal Bb1c3,Bc3d5,Bd5b6][%mdl 32]} Bxd4 14. Nd5 d6 15. Bg5 f6 16. Be3 {[#]} Bxb2 $146 ({Predecessor:} 16... Be5 17. f4 Bxb2 18. Rb1 {½-½ (27) Andreikin,D (2733)-Jakovenko,D (2712) Poikovsky 2016}) 17. Rb1 c6 18. Bc4 {aiming for Nxf6+.} Be5 $1 ({Don't go for} 18... Be6 $2 19. Bb6 $18) 19. Nb6+ d5 20. Nxa8 {Threatens to win with Bd3.} dxc4 21. Rd1 Qe7 $1 22. Bxa7 Bg4 23. f3 Bf5 24. f4 Bd6 25. Qxe7 Bxe7 26. c3 b5 27. Be3 Kf7 28. a4 bxa4 29. Nb6 a3 30. Nxc4 Nc7 $1 {[%cal Rc7d5] Strongly threatening ...Nd5.} 31. Bc1 (31. Ra1 $1 $11) 31... Nb5 $1 $17 {[%cal Rb5c3]} 32. Re1 Bd3 33. Na5 (33. Rxe7+ $17 Kxe7 34. Bxa3+ Ke6 35. Nb2) 33... Nxc3 {[#]} (33... Bc5+ $1 $19 34. Be3 Bxe3+ 35. Rxe3 a2) 34. Nxc6 {[#]} (34. Rxe7+ $1 $15 {[%mdl 512]} Kxe7 35. Bxa3+ Kd7 36. Nb3) 34... Bc5+ $1 $19 35. Be3 {[#]} Bd6 (35... a2 $1 $19 36. Bxc5 Ne2+ 37. Kh1 Bb1 38. Rxe2 a1=Q) 36. Ra1 a2 (36... Be4 $17 37. Bd2 Nb1) 37. Bd2 $1 $11 {[%cal Rd2c3] The position is equal.} Bc5+ 38. Kh1 Ne4 39. Rxa2 Nf2+ 40. Kg1 Ne4+ 41. Kh1 Nf2+ 42. Kg1 Ne4+ {Accuracy: White = 59%, Black = 61%.} 1/2-1/2

[Event "BL 2018-19"]
[Site "Berlin"]
[Date "2019.03.23"]
[Round "12.3"]
[White "Zysk, Robert"]
[Black "Tari, Aryan"]
[Result "1/2-1/2"]
[WhiteElo "2404"]
[BlackElo "2614"]
[Annotator "TA"]
[PlyCount "78"]
[EventDate "2018.11.10"]
[EventType "team-tourn"]
[EventCountry "GER"]
[SourceTitle "playchess.com"]
[Source "ChessBase"]
[SourceQuality "1"]
[WhiteTeam "Zugzwang Muenchen"]
[BlackTeam "Solingen"]

{[%evp 13,78,0,0,-4,0,0,0,0,0,0,10,0,-3,0,-1,-31,14,0,0,-4,0,-23,0,-11,-5,-15,0,-7,0,0,0,0,14,0,29,0,20,0,0,0,0,12,16,6,15,7,10,0,0,-11,-11,-11,-14,0,6,7,6,-8,-8,-8,-8,-8,-8,-8,-8,-8,0]} 1. d4 d5 2. c4 e6 3. Nf3 Nf6 4. Nc3 Bb4 5. e3 O-O 6. Bd2 b6 7. Rc1 Bb7 8. a3 {E51: Nimzo-Indian: Rubinstein: 4...0-0 5 Nf3 d5} (8. cxd5 exd5 9. Bd3 Re8 10. O-O a6 11. Ne5 Bd6 12. f4 c5 13. Be1 cxd4 14. exd4 Nc6 15. Ne2 Ne7 {0-1 (36) Gupta,A (2581)-Meskovs,N (2557) chess.com INT 2019}) 8... Be7 9. Bd3 c5 10. cxd5 exd5 11. O-O Nc6 12. Qe2 $146 ({Predecessor:} 12. Ne2 Bd6 13. dxc5 bxc5 14. Bc3 Qe7 15. Bb1 Rac8 16. Qc2 g6 17. Rfd1 Rfd8 {0-1 (35) Zamahari,A (1603)-Reynolds,D (2006) Katerini 2014}) 12... Re8 13. dxc5 bxc5 14. Rfd1 Bf8 15. Ba6 Qb6 16. Bxb7 Qxb7 17. Na4 Rac8 18. Qd3 c4 19. Qc2 Ne4 20. Be1 Red8 21. Nc3 Nf6 22. Ne2 Rb8 23. Rb1 Ne4 24. Nc3 Nf6 {The position is equal.} 25. Ne2 Qb3 26. Qxb3 Rxb3 27. Nfd4 Nxd4 28. Nxd4 Rb7 $1 29. f3 Re8 30. Kf2 Nd7 31. Nc2 Ne5 32. Rxd5 Nd3+ 33. Kf1 Reb8 34. Bc3 Rb3 {[#] And now ...Rxc3! would win.} 35. Bd4 c3 {...Rxb2 is the strong threat.} 36. Bxa7 Rxb2 37. Rd1 R8b7 38. R5xd3 Rxc2 39. Bd4 Rbb2 {Accuracy: White = 46%, Black = 46%.} 1/2-1/2

[Event "BL 2018-19"]
[Site "Berlin"]
[Date "2019.03.23"]
[Round "12.4"]
[White "Naiditsch, Arkadij"]
[Black "Ftacnik, Lubomir"]
[Result "1-0"]
[WhiteElo "2736"]
[BlackElo "2512"]
[Annotator "TA"]
[PlyCount "85"]
[EventDate "2018.11.10"]
[EventType "team-tourn"]
[EventCountry "GER"]
[SourceTitle "playchess.com"]
[Source "ChessBase"]
[SourceQuality "1"]
[WhiteTeam "Baden-Baden"]
[BlackTeam "Hamburg SK"]

{[%evp 11,85,5,36,21,35,33,36,27,55,0,37,35,27,23,26,-8,-2,-9,-18,-22,-25,-56,22,26,32,-2,-7,-15,-6,-6,-7,-2,-3,-38,-15,-27,-7,-12,-12,-12,23,2,52,52,50,50,45,36,60,65,75,58,124,102,85,89,122,89,209,210,284,287,433,425,820,702,1621,1467,1447,1423,2606,2479,2495,1904,1564,1793]} 1. e4 c5 2. Nf3 d6 3. d4 cxd4 4. Nxd4 Nf6 5. Nc3 a6 6. Bg5 Nbd7 7. Qe2 {B94: Sicilian Najdorf: 6 Bg5 Nbd7} h6 8. Bh4 b5 (8... g6 9. f4 Qc7 10. O-O-O Bg7 11. g4 e5 12. fxe5 Nxe5 13. h3 Be6 14. Qf2 Nfd7 {½-½ (26) Carlsen,M (2842)-Svidler,P (2753) Biel 2018}) 9. f4 {White is slightly better.} e5 {[#] ...g5 is the strong threat.} 10. fxe5 ({White should play} 10. O-O-O $14) 10... Nxe5 $146 ({Predecessor:} 10... dxe5 11. O-O-O g5 12. Bf2 Bb7 13. Nb3 Rc8 14. Nd5 Nxd5 15. exd5 {1-0 (33) Pucher,S (2293)-Ratsma,R (2035) Vlissingen 2014}) 11. Bxf6 Qxf6 12. Nd5 Qd8 13. O-O-O g6 14. Nf3 Bg7 15. Qd2 Bb7 16. Kb1 O-O (16... Nd7 $15) 17. Nxe5 $11 dxe5 18. Qb4 {[#] Strongly threatening Ne7+.} Qh4 19. Be2 Bxd5 20. Rxd5 Rad8 21. g3 $36 {[%mdl 2048] White is pushing.} Qh3 22. Bf3 Rfe8 23. c4 bxc4 24. Qxc4 Rxd5 25. Qxd5 Qe6 26. Rd1 (26. Qxe6 {is more complex.} Rxe6 27. Be2 Bf8 28. Bc4 Rc6 29. Bd5) 26... Bf6 (26... Qh3 {is interesting.} 27. Qd2 Bf6 28. Qe2 Qe6 29. h4 Rd8) 27. Qxe6 Rxe6 $14 {[%mdl 4096] Endgame KRB-KRB} 28. Be2 Be7 29. Rd5 Bb4 30. a3 {[%cal Ba2a3,Ba3a4,Ba4a5,Ba5a6][%mdl 32]} Be1 31. b4 Bc3 (31... Kg7 $14) 32. Kc2 Bd4 33. Kb3 Rf6 34. a4 Rf2 (34... Kf8 $16) 35. Bxa6 $18 Rxh2 36. a5 Rg2 (36... Kf8 {was called for.} 37. b5 Rb2+ 38. Ka3 Rb1 39. Rxd4 {[%mdl 64] Remove Defender} exd4) 37. Bd3 {White is clearly winning.} Rxg3 (37... Rd2 $142) 38. Kc4 h5 39. Rxd4 exd4 40. a6 Rg1 41. b5 {[%cal Bb4b5,Bb5b6][%mdl 32]} Ra1 42. Kxd4 h4 43. b6 {Accuracy: White = 68%, Black = 35%.} 1-0

[Event "BL 2018-19"]
[Site "Berlin"]
[Date "2019.03.23"]
[Round "12.4"]
[White "Heimann, Andreas"]
[Black "Hoi, Carsten"]
[Result "1-0"]
[WhiteElo "2601"]
[BlackElo "2380"]
[Annotator "TA"]
[PlyCount "61"]
[EventDate "2018.11.10"]
[EventType "team-tourn"]
[EventCountry "GER"]
[SourceTitle "playchess.com"]
[Source "ChessBase"]
[SourceQuality "1"]
[WhiteTeam "SF Deizisau"]
[BlackTeam "Kiel"]

{[%evp 14,61,64,61,56,55,71,60,68,64,85,85,91,70,89,79,92,95,85,87,175,171,156,136,171,165,169,167,172,132,397,367,368,235,240,231,368,348,303,334,564,589,622,213,213,211,541,540,460,402]} 1. d4 Nf6 2. c4 g6 3. Nc3 Bg7 4. e4 d6 5. Be2 O-O 6. Be3 e5 7. d5 Nbd7 8. g4 Nc5 {E73: King's Indian: Averbakh Variation without 6...c5} 9. f3 a5 10. h4 h5 {White is slightly better.} 11. g5 $1 {[%cal Rg5f6]} Nh7 12. Nh3 (12. Kd2 Bd7 13. Nh3 c6 14. Nf2 cxd5 15. exd5 f5 16. gxf6 Nxf6 17. Bxc5 dxc5 {0-1 (37) Vallejo Pons,F (2705)-Radjabov,T (2741) Palma de Mallorca 2017}) 12... f6 13. gxf6 $146 ({Predecessor:} 13. Qd2 Bxh3 14. Rxh3 fxg5 15. hxg5 a4 16. O-O-O Rf4 17. Rg1 Qe7 18. Bd1 a3 19. b4 Nd7 20. Nb5 Nb6 21. Qd3 Nxg5 {1-0 (41) Flear,G (2515)-Renet,O (2535) Clichy 1993}) 13... Bxf6 14. Kd2 Bxh3 ({Much weaker is} 14... Bxh4 $6 15. Qg1 $11) 15. Rxh3 Bxh4 16. Qh1 g5 (16... Bg5 $16 17. Rg1 Bxe3+ 18. Kxe3 Qf6) 17. Rg1 $18 Kh8 18. Kc2 Qe7 {[#]} 19. f4 $1 {[%cal Rf4g5]} Rxf4 20. Bxf4 exf4 21. Bxh5 Nd7 $2 {[%mdl 8192]} (21... Rg8 $16 {might work better.} 22. Bg4 Rg6) 22. Bg6 {Bxh7 is the strong threat.} Ne5 23. Bf5 Rg8 24. Ne2 f3 (24... Nxc4 $142 25. Bxh7 Kxh7 26. Nxf4 Qf6) 25. Nd4 f2 26. Rf1 Nxc4 $2 (26... Rg7 {was worth a try.} 27. Nf3 Nxf3 28. Qxf3 Rf7) 27. Bxh7 Qf6 28. Bxg8 $2 (28. Bf5) 28... Qxd4 29. Rxh4+ gxh4 $2 (29... Kg7 30. Rh7+ (30. Rh5 {gets mated.} Qd2+ 31. Kb3 Qd3+ 32. Ka4 Nxb2+ 33. Kxa5 Qc3+ 34. Kb5 Qc5#) 30... Kxg8 31. Rh8+ (31. Rxc7 {is a self mate.} Qd2+ 32. Kb3 Qd3+ 33. Ka4 Nxb2+ 34. Kxa5 Qa3+ {[%mdl 64] Double Attack} 35. Kb5 Qa4+ 36. Kb6 Qa6#) 31... Qxh8 32. Qxh8+ Kxh8 33. Rxf2 Kg7) 30. Qxh4+ {[%mdl 64] [#] Double Attack} Kxg8 31. Qg3+ {Accuracy: White = 89%, Black = 31%.} 1-0

[Event "BL 2018-19"]
[Site "Berlin"]
[Date "2019.03.23"]
[Round "12.4"]
[White "Andersen, Mads"]
[Black "Schramm, Christian"]
[Result "1-0"]
[WhiteElo "2594"]
[BlackElo "2371"]
[Annotator "TA"]
[PlyCount "87"]
[EventDate "2018.11.10"]
[EventType "team-tourn"]
[EventCountry "GER"]
[SourceTitle "playchess.com"]
[Source "ChessBase"]
[SourceQuality "1"]
[WhiteTeam "Solingen"]
[BlackTeam "Zugzwang Muenchen"]

{[%evp 17,87,9,11,0,0,5,10,13,29,25,43,28,38,27,56,34,45,17,40,47,56,56,67,71,80,60,76,45,54,33,48,37,114,121,114,110,85,89,116,70,145,138,157,67,68,70,63,0,92,56,55,46,152,139,143,89,72,10,20,0,0,0,257,242,612,516,781,771,777,731,1535,1518]} 1. Nf3 c5 2. c4 Nc6 3. Nc3 g6 4. e3 Nf6 5. d4 cxd4 6. exd4 d5 7. cxd5 Nxd5 8. Qb3 e6 9. Bb5 Bg7 10. O-O {A35: Symmetrical English: 2 Nc3 Nc6 3 Nf3} O-O 11. Bxc6 bxc6 12. Na4 {The position is equal.} Qd6 13. Re1 {[#]} Ne7 $146 ({Predecessor:} 13... Rb8 14. Qc2 c5 15. Nxc5 Nb4 16. Qc3 Bb7 17. a3 Nd5 {½-½ (30) Cheparinov,I (2710)-Wei,Y (2727) China 2017}) 14. Be3 Nf5 15. Rad1 a5 16. Nc5 Ba6 17. Ne5 Qd5 18. Qc2 Rfd8 19. b3 Bb5 20. a4 Ba6 21. h3 Rdb8 22. Qc3 Rb4 23. Rd2 Nh4 {[%csl Gh4][%cal Rd5g2]} 24. f3 f6 (24... Nf5 $14) 25. Bf2 $16 Nf5 26. Ned3 Bxd3 27. Rxd3 Rab8 28. Qd2 Re8 (28... Bf8 $1 $14) 29. g4 $36 {[%mdl 2048] Black is under strong pressure.} Nd6 30. Qe3 ({White should play} 30. Na6 $16 Rb7 31. Rc1) 30... f5 $14 31. Na6 {aiming for Nc7.} Rb7 32. Nc5 Rb4 33. Red1 Nf7 34. Kg2 h5 (34... Bh6 $14 35. Qe1 Bg7) 35. gxh5 $1 $16 gxh5 36. Na6 (36. Rg1 $142) 36... Rb7 37. Bg3 (37. Qf4 $16) 37... Bh6 $11 38. Bf4 Bxf4 39. Qxf4 {Hoping for Nc7.} Ree7 $2 {[%mdl 8192] [#]} (39... Rxb3 $11 40. Nc7 Qc4 {[%mdl 64] Double Attack} 41. Rxb3 Qe2+ 42. Kg3 Qxd1 43. Nxe8 Qe1+ 44. Kg2 Qe2+ 45. Kg3 Qe1+ 46. Kg2 Qe2+ 47. Kg3 Qe1+) 40. Nc5 $1 $18 {And now Rg1 would win.} Rb4 $2 (40... Ra7 41. Kh1 Kh7) 41. Kh1 {White is clearly winning.} Kf8 {[#]} (41... Nd8 $142 42. Rg1+ Rg7) 42. Rg1 $1 Re8 43. Qg3 Ke7 44. Qc7+ {[%mdl 64] Double Attack. Accuracy: White = 56%, Black = 30%.} 1-0

[Event "BL 2018-19"]
[Site "Berlin"]
[Date "2019.03.23"]
[Round "12.4"]
[White "Saltaev, Mihail"]
[Black "Lobzhanidze, Davit"]
[Result "1/2-1/2"]
[WhiteElo "2471"]
[BlackElo "2428"]
[Annotator "TA"]
[PlyCount "46"]
[EventDate "2018.11.10"]
[EventType "team-tourn"]
[EventCountry "GER"]
[SourceTitle "playchess.com"]
[Source "ChessBase"]
[SourceQuality "1"]
[WhiteTeam "Muelheim"]
[BlackTeam "SV Hofheim"]

{[%evp 14,46,29,25,29,28,35,20,19,18,20,0,0,0,0,0,0,0,8,6,0,0,5,-22,21,8,12,10,10,8,14,13,20,5,38]} 1. e4 e5 2. Nf3 Nc6 3. Bb5 a6 4. Ba4 Nf6 5. d3 d6 6. c3 g6 7. O-O Bg7 8. Re1 b5 {C77: Ruy Lopez: 3...a6 4 Ba4 Nf6, unusual lines} (8... O-O 9. Nbd2 Nh5 10. Nf1 f5 11. Bb3+ Kh8 12. Ng5 Qf6 13. exf5 Bxf5 14. Be3 Nf4 15. Bxf4 exf4 16. Ne4 Bxe4 17. Rxe4 {½-½ (45) Carlsen,M (2835)-Shirov,A (2643) St Petersburg 2018}) 9. Bc2 O-O 10. a4 b4 $146 {The position is equal.} ({Predecessor:} 10... Bb7 11. Nbd2 Nd7 12. b4 Nb6 13. axb5 axb5 14. Rxa8 Qxa8 15. Bb3 Qd8 16. Qc2 {½-½ (44) Dujava,D (2096)-Krupa,M (1904) Slovakia 2018}) 11. a5 Rb8 12. Nbd2 bxc3 13. bxc3 Na7 14. Nc4 Nb5 15. Bd2 Be6 16. Ne3 c6 17. Ng5 Bd7 18. Nc4 h6 19. Nf3 Be6 20. Nb6 Nd7 21. c4 {[#] aiming for Nxd7.} Nd4 22. Nxd4 exd4 23. Nxd7 Bxd7 {Accuracy: White = 56%, Black = 95%.} 1/2-1/2